Statistiques concernant Préjugés sur les Français

Cliquez ici pour prendre le quiz!

Statistiques générales

  • Ce quiz a été pris 787 fois
  • Le résultat moyen est 7 sur 10

Statistiques - réponses

IndicesRéponses% Correct
Les Français sortiraient toujours avec ce type d'aliment sous le bras.Baguette
98%
Les Français raffoleraient des cuisses de cet animal.Grenouille
92%
Les Français étant des fins connaisseurs en œnologie, ils ne boiraient que du vin ...Rouge
87%
Les Français porteraient toujours ce type de chapeau.Béret
85%
Les Français mangeraient toujours de ce type d'aliment.Fromage
72%
Les Français n'aimant pas travailler, ils seraient tous ...Fainéants
65%
Les Français porteraient toujours ce type de vêtement.Marinière
51%
Les Français ne sachant se défendre qu'en insultant, ils seraient tous ...Malpolis
49%
Les Français conduiraient tous cette voiture.2CV
44%
La France étant le pays de l'amour, les Français adoreraient tous...S'embrasser
21%

Distribution des résultats

Percentile par nombre de réponses

% des personnes avec chaque résultat

Votre développement - résultats

Vous n’avez pas pris ce quiz